banner-ar

الباليه: دليل الى علم الجمال الحركى / (Record no. 42902)

MARC details
000 -الفاتح
حقل البيانات ثابتة الطول 00588nam a2200205Ia 4500
008 - عناصر البيانات ثابتة الطول - معلومات عامة
حقل البيانات ثابتة الطول 140319s9999 xx 000 0 ara d
040 ## - مصدر الفهرسة
وكالة الفهرسة الأصلية GCL /
وكالة النسخ GCL
082 04 - رقم تصنيف ديوى العشرى
رقم التصنيف 792.82
رقم المادة ا ب
100 1# - المدخل الرئيسى - إسم شخصى
الإسم الشخصى حسن محمود
245 10 - بيان العنوان
العنوان الباليه: دليل الى علم الجمال الحركى /
بيان المسئوليه,etc حسن محمود
700 1# - المدخل الاضافى - اسم شخصى
الإسم الشخصى امبروز، كاى
700 1# - المدخل الاضافى - اسم شخصى
الإسم الشخصى اسماعيل رسلان
300 ## - الوصف المادى
التعداد 128 ص
490 ## - بيان السلسلة
عنوان السلسلة الالف كتاب
رقم المجلد/ التعيين التسلسلي 0
650 04 - المدخل الاضافى بالموضوع-مصطلح موضوعى
مصطلح موضوعي الرقص
650 04 - المدخل الاضافى بالموضوع-مصطلح موضوعى
مصطلح موضوعي البالية
650 04 - المدخل الاضافى بالموضوع-مصطلح موضوعى
مصطلح موضوعي البالية فى الفن
942 ## - عناصر المدخل الإضافي( كوها)
مصدر التصنيف او مخطط الترفيف Dewey Decimal Classification
Koha [default] item type كتاب
Holdings
حالة التراجع حالة الفقد حالة تلف ليس للاعارة المكان المؤقت الموقع الحالى تاريخ الاكتساب اجمالي اﻻعارات رقم الطلب الباركود تاريخ اخر مشاهدة تاريخ تفعيل السعر نوع وعاء كوها مصدر التصنيف او خطة الترفيف
        مكتبة القاهرة الكبرى مكتبة القاهرة الكبرى 03/26/2014   792.82\ا ب 103690 03/26/2014 03/26/2014 كتاب  
        مكتبة القاهرة الكبرى مكتبة القاهرة الكبرى 04/02/2019   792.82\ا ب 165748 04/02/2019 04/02/2019 كتاب ddc
        مكتبة القاهرة الكبرى مكتبة القاهرة الكبرى 04/02/2019   792.82\ا ب 165749 04/02/2019 04/02/2019 كتاب ddc

Powered By

EGPV